Statistics for Saviour Complex - Phoebe Bridgers (Lyrics)

Click here to take the quiz!

General Stats

  • This quiz has been taken 8 times
  • The average score is 131 of 142

Answer Stats

Answer% Correct
a
100%
affair
100%
All
100%
and
100%
bad
100%
complex
100%
contest
100%
Crocodile
100%
dreams
100%
Emotional
100%
have
100%
hide
100%
I
100%
I'll
100%
I'm
100%
liar
100%
me
100%
mine
100%
pissing
100%
show
100%
Show
100%
sincere
100%
tears
100%
that
100%
the
100%
tired
100%
to
100%
To
100%
too
100%
With
100%
You
100%
you
100%
your
100%
yours
100%
again
86%
apartment
86%
around
86%
Baby
86%
blood
86%
But
86%
Call
86%
car
86%
clear
86%
down
86%
drag
86%
Drift
86%
drive
86%
drown
86%
floor
86%
gonna
86%
hand
86%
in
86%
In
86%
it's
86%
land
86%
mouth
86%
off
86%
on
86%
One
86%
one
86%
Overly
86%
saviour
86%
shore
86%
sleep
86%
Smoking
86%
Sweating
86%
tap
86%
'til
86%
Turn
86%
turn
86%
up
86%
vampire
86%
want
86%
wheel
86%
when
86%
windows
86%
You're
86%
you're
86%
big
71%
fire
71%
for
71%
our
71%
promised
71%
room
71%
run
71%
skeletons
71%
start
71%
sure
71%
through
71%
Wake
71%
sheets
57%

Score Distribution

Percentile by Number Answered

Percent of People with Each Score

Your Score History

You have not taken this quiz